| 000 | 00555nam a2200193Ia 4500 | ||
|---|---|---|---|
| 008 | 120821t2005 xxu||||| |||| 00| 0 sin d | ||
| 041 | _asin | ||
| 080 |
_a8-31 (eng) _bBAL |
||
| 100 | _aBallantyne,Robert Maical | ||
| 245 | _aකොරල් දූපත | ||
| 246 | _aCoral Dupatha | ||
| 260 |
_aM. D. Gunasena _aColombo _c2005 |
||
| 300 | _b150p, ill, 18 cm | ||
| 500 | _aSinhalese Translation of R. M. Ballantyne's of The Coral Island | ||
| 700 |
_aPranandu,Edee _etr. |
||
| 942 | _cBK | ||
| 999 |
_c40952 _d40952 |
||
| 003 | LK-CoDNM | ||
| 040 |
_aLK-CoDNM _dLK-CoDNM _eLK-CoDNM |
||